| 000 | 00459nam a2200145Ia 4500 | ||
|---|---|---|---|
| 008 | 220325s9999||||xx |||||||||||||| ||und|| | ||
| 020 | _a978-0-8213-7032-2 | ||
| 084 | _a1128-0074 LEV Gov Bo | ||
| 100 | _aBrian Levy | ||
| 245 | 0 | _aGovernance Reform: Bridging Monitoring and Action | |
| 260 |
_aWashington D.C _bThe World Bank _c2007 |
||
| 300 | _ai-xxxvi + 134 hlm | ||
| 650 |
_aGovernment (Pemerintahan) _eG-O-V _yBridging Monitoring and Action |
||
| 942 | _cBK | ||
| 999 |
_c18705 _d18705 |
||